|
|
|
|
| LEADER |
01040nam a22002772a 4500 |
| 001 |
000096901 |
| 003 |
CZ BrMZK |
| 005 |
20100527131202.0 |
| 007 |
ta |
| 008 |
960707s1957 xr f cze d |
| 015 |
|
|
|a cnb000725578
|
| 035 |
|
|
|a (OCoLC)85458145
|
| 040 |
|
|
|a BOA001
|b cze
|
| 100 |
1 |
|
|a Mikeš, František
|7 xx0059352
|4 aut
|
| 245 |
1 |
0 |
|a Skalní města u Teplic nad Metují a Adršpachu /
|c František Mikeš a kolektiv
|
| 250 |
|
|
|a Vyd. 1.
|
| 260 |
|
|
|a Praha :
|b Sportovní a turistické nakladatelství,
|c 1957
|
| 300 |
|
|
|a 61 s., 6 il. a 1 map. příl.
|
| 490 |
1 |
|
|a Turistický průvodce
|
| 830 |
|
0 |
|a Turistický průvodce (Sportovní a turistické nakladatelství)
|
| 910 |
|
|
|a BOA001
|b PK-A-0005.147
|b 1-0377.492
|
| 920 |
|
|
|a 000303410
|
| 964 |
|
|
|a Adršpašské skály - turistika - průvodci
|
| 990 |
|
|
|a BK
|
| 996 |
6 |
|
|b 2619868763
|c 1-0377.492
|l MZK
|r Sklad / do 1 hodiny
|n 4
|w 000096901
|u 000020
|a 1
|e BOA001
|j MZK50
|s P
|
| 996 |
7 |
|
|b 3119968448
|c PK-A-0005.147
|l MZK
|r Sklad / do 1 hodiny
|n 4
|w 000096901
|u 000010
|a 1
|e BOA001
|j MZK50
|s A
|